Literatura española, con antología /

Guardado en:
Autor Principal: Estrella Gutierrez, Fermín
Formato: Libro
Publicado: Buenos Aires : Kapelusz, 1969
Edición:12a. ed.
Materias:
Etiquetas: Agregar Etiqueta
Sin Etiquetas, Sea el primero en etiquetar este registro!
LEADER 00702nam a22002175a 4500
001 CEM.cems002347
005 20060217000000.0
008 130507s1969##################000#0#####d
003 CEMS
082 0 4 |a 860.9 
100 1 |a Estrella Gutierrez, Fermín 
245 1 0 |a Literatura española, con antología /  |c Fermín Estrella Gutierrez 
250 |a 12a. ed. 
260 |a Buenos Aires :  |b Kapelusz,  |c 1969 
300 |a 622 p. 
653 |a Literatura 
653 |a Literatura española 
653 |a Literatura española contempora 
653 |a Literatura española-histora 
859 |a CEMS  |b BIB. CEMS - 11 de abril  |h 860.9  |i Es81  |p 1430.74  |t Ej.1 
859 |a CEMS  |b BIB. CEMS - 11 de abril  |h 860.9  |i Es81  |p 2455.74  |t Ej.2